|
|
|
|
| LEADER |
00000nam a22000007a 4500 |
| 005 |
20191004234312.0 |
| 007 |
cr|||| |||| |
| 008 |
191004s2019 es |||||s|||| 00||0 spa d |
| 020 |
|
|
|a 9786200030344
|
| 035 |
|
|
|a 29272
|
| 040 |
|
|
|a vLex
|
| 090 |
|
|
|c 9721
|d 9721
|
| 100 |
1 |
|
|a Lib̌ana Ortiz, Juan Ramn̤
|
| 245 |
1 |
0 |
|a Justicia y Derechos Humanos
|h [Recurso electrn̤ico] /
|c Juan Ramn̤ Lib̌ana Ortiz
|
| 256 |
|
|
|a Servicio en ln̕ea
|
| 260 |
|
|
|a Madrid:
|b Editorial Acadm̌ica Espaǫla,
|c 2019
|
| 300 |
|
|
|a 1 recurso electrn̤ico
|
| 500 |
|
|
|a Esta monografa̕ analiza cm̤o deciden los jueces cuando se enfrentan a una controversia en materia de Derechos Humanos mediante un enfoque ter̤ico-prc̀tico, que an︢a la explicacin̤ de las diferentes teora̕s acerca de la fundamentacin̤ judicial de los derechos con ejemplos prc̀ticos tomados de la jurisprudencia europea y espaǫla. A travš de ejemplos concretos, se poner de manifiesto la insuficiencia del positivismo jurd̕ico para la fundamentacin̤ de las sentencias relativas a Derechos Humanos, y la persistencia de criterios iusnaturalistas en la fundamentacin̤ de las resoluciones judiciales relativas a Derechos Humanos. En la primera parte se profundiza en el estudio de los Derechos Humanos desde la metodologa̕ filosf̤ico-jurd̕ica, analizando algunos de los problemas ms̀ relevantes que se han planteado en la Teora̕ del Derecho como consecuencia de la incorporacin̤ de los derechos fundamentales a los sistemas jurd̕icos surgidos del neoconstitucionalismo. En la segunda parte se presta especial atencin̤ al alcance del sistema europeo y espaǫl de derechos fundamentales procesales y su incidencia en la cuestin̤ de la validez y la interpretacin̤ jurd̕ica.
|
| 506 |
1 |
|
|a Disponible solo en los productos indicados
|d vLex Global
|d vLex Global (Academic Edition, excluding Law Schools)
|d vLex Global (U.S. Academic Edition, Law Schools)
|d vLex Global (U.S. Academic Edition, excluding Law Schools)
|d vLex Global (Academic Edition, Law Schools)
|
| 650 |
0 |
4 |
|a Derecho Penal
|z Espaą
|
| 740 |
0 |
|
|a vLex Libros (Servicio en ln̕ea)
|
| 856 |
4 |
0 |
|u http://vlex.com/source/29272
|z Acceso restringido
|
| 942 |
|
|
|c BOOK
|
| 999 |
0 |
|
|a Criminal law
|